Видеоигры с официальным русским дубляжом - Армагеддон - Statistics

General Stats
  • This quiz has been taken 18 times
  • The average score is 3 of 15
Answers on the Grid
Answers color-coded by a green-red scale on the quiz's grid according to % correct below.
Alan Wake II
Deus Ex: Human Revolution
Silent Hill
inFamous: Second Son
Dark Souls
The Witcher III: Wild Hunt
S.T.A.L.K.E.R. 2: Heart of Chornobyl
Hitman 2: Silent Assassin
Assassin's Creed
Call of Duty: Black Ops 6
Gothic
Sacred
Cyberpunk 2077
Bloodborne
The Stanley Parable
Marvel's Guardians of the Galaxy
The Neverhood
Her Story
Baldur's Gate
Mirror's Edge
Postal 2
Far Cry 3
S.T.A.L.K.E.R.: Shadow of Chernobyl
Arx Fatalis
The Evil Within
Wolfemstein II: The New Colossus
Diablo
Life Is Strange
Syberia
Ratchet & Clank: Rift Apart
 
Answer Stats
Answer % Correct
Far Cry 3
58%
Cyberpunk 2077
50%
S.T.A.L.K.E.R.: Shadow of Chernobyl
50%
The Witcher III: Wild Hunt
42%
Assassin's Creed
25%
Syberia
25%
Deus Ex: Human Revolution
17%
inFamous: Second Son
17%
Postal 2
17%
Wolfemstein II: The New Colossus
8%
Gothic
0%
Marvel's Guardians of the Galaxy
0%
Mirror's Edge
0%
Ratchet & Clank: Rift Apart
0%
Sacred
0%
No matching quizzes found
Score Distribution
Percent of People with Each Score
Percentile by Number Answered
Your Score History
You have not taken this quiz